000 01220nam a2200217 u 4500
001 000556166
003 AM-YeHGA
005 20250617140211.0
008 071105s1987 ||| r 000 0 rus d
040 _aAM-YeHGA
041 0 _arus
245 0 0 _aИнтенсификация развития региональных транспортных систем Северо-Востока СССР :
_bСборник научных трудов /
_cАН СССР, Сиб. отд-ние, Якут. фил., Ин-т экономики комплекс. освоения природ. ресурсов Севера; Отв. ред.: Е.Н. Язев.
260 _aЯкутск :
_bЯФ СО АН СССР,
_c1987.
300 _a109 с. :
_bграф.
504 _aБиблиогр. в конце ст.
653 0 _aТранспорт - Северо-Восток СССР
653 0 _aСеверо-Восток СССР
710 2 _aАкадемия наук СССР
_bСибирское отделение
_bЯкутский филиал
710 2 _aИнститут экономики комплексного освоения природных ресурсов Севера СО АН СССР
090 _c216988
999 _c215469
_d215469